Các kỹ thuật tiên tiến trong Macromedia Director 8.5

Salvato in:
Dettagli Bibliografici
Autore principale: Nguyễn Trường Sinh
Natura: Libro
Lingua:Undetermined
Pubblicazione: H. LĐXH 2002
Soggetti:
Tags: Aggiungi Tag
Nessun Tag, puoi essere il primo ad aggiungerne! !
Thư viện lưu trữ: Trung tâm Học liệu Trường Đại học Cần Thơ
LEADER 00564nam a2200193Ia 4500
001 CTU_59869
008 210402s9999 xx 000 0 und d
020 |b 69000 
082 |a 006.76 
082 |b S312 
100 |a Nguyễn Trường Sinh 
245 0 |a Các kỹ thuật tiên tiến trong Macromedia Director 8.5 
245 0 |c Nguyễn Trường Sinh 
260 |a H. 
260 |b LĐXH 
260 |c 2002 
650 |a macromedia director ( computer programs ) 
904 |i Minh 
980 |a Trung tâm Học liệu Trường Đại học Cần Thơ